header

College students in the United States (Record no. 50761)

MARC details
000 -LEADER
fixed length control field 02139nam a2200373 a 4500
082 04 - DEWEY DECIMAL CLASSIFICATION NUMBER
Classification number 378.1/619
100 1# - MAIN ENTRY--AUTHOR NAME
Personal name Renn, Kristen A.
245 10 - TITLE STATEMENT
Title College students in the United States
260 ## - PUBLICATION, DISTRIBUTION, ETC. (IMPRINT)
Place of publication San Francisco :
Name of publisher Jossey-Bass,
Year of publication 2013.
300 ## - PHYSICAL DESCRIPTION
Number of Pages xx, 294 p. :
Other physical details ill.
505 0# - FORMATTED CONTENTS NOTE
Formatted contents note pt. 1. Inputs -- pt. 2. Environments -- pt. 3. Outcomes.
520 ## - SUMMARY, ETC.
Summary, etc "College Students in the United States accounts for contemporary and anticipated student demographics and enrollment patterns, a wide variety of campus environments and a range of outcomes including learning, development, and achievement. Throughout the book, the differing experiences, needs, and outcome of students across the range of "traditional" (18-24 years old, full-time students) and non-traditional (for example, adult and returning learners, veterans, recent immigrants) are highlighted. The book is organized, for use as a stand-alone resource, around Alexander Astin's Inputs-Environment-Outputs (I-E-O) framework"--
650 #0 - SUBJECT ADDED ENTRY--TOPICAL TERM
Topical Term College attendance
Topical Term College students
Topical Term Education
700 1# - ADDED ENTRY--PERSONAL NAME
Personal name Reason, Robert Dean.
856 40 - ELECTRONIC LOCATION AND ACCESS
Uniform Resource Identifier http://site.ebrary.com/lib/rucke/Doc?id=10626260
520 ## - SUMMARY, ETC.
-- Provided by publisher.

No items available.

© 2026 Rongo University
Contact us: librarian | system librarian | Rongo university